[Event "European Youth Chess Championship B10"]
[Site "Prague, Top Hotel Prague"]
[Date "2016.08.21"]
[Round "4.5"]
[White "Piccinno, Matteo"]
[Black "Murzin, Volodar"]
[Result "0-1"]
[WhiteElo "1772"]
[BlackElo "2080"]
[PlyCount "50"]
[EventDate "2016.08.18"]

1. d4 Nf6 2. Nf3 g6 3. c4 Bg7 4. g3 O-O 5. Bg2 c5 6. O-O cxd4 7. Nxd4 Nc6 8. e3
d5 9. Nc3 Nxd4 10. Qxd4 Ne4 11. Qxd5 Nxc3 12. bxc3 Qc7 13. Rd1 Bg4 14. Rf1 Be2
15. Re1 Bxc3 16. Rxe2 Bxa1 17. Bb2 Rad8 18. Qe4 Rd1+ 19. Bf1 Bxb2 20. Rxb2 b6
21. h4 Rc8 22. Rc2 Rcd8 23. Rb2 Qd6 24. h5 Qf6 25. h6 Qxb2 0-1

[Event "European Youth Chess Championship B10"]
[Site "Prague, Top Hotel Prague"]
[Date "2016.08.21"]
[Round "4.6"]
[White "Fiszer, Bartosz"]
[Black "Mizrahi, Ido"]
[Result "1/2-1/2"]
[WhiteElo "1690"]
[BlackElo "1827"]
[PlyCount "113"]
[EventDate "2016.08.18"]

1. g3 e5 2. c4 Nf6 3. Bg2 Nc6 4. Nc3 Bc5 5. Nf3 d6 6. O-O O-O 7. d3 a6 8. Bg5
h6 9. Bxf6 Qxf6 10. Ne4 Qe7 11. Nxc5 dxc5 12. Ne1 Nd4 13. e3 Ne6 14. Qe2 Rd8
15. Rd1 a5 16. f4 exf4 17. gxf4 Nd4 18. Qf2 Nf5 19. Nc2 Ra6 20. Rfe1 Rad6 21.
d4 cxd4 22. exd4 Qf6 23. c5 R6d7 24. Re5 b6 25. Bh3 Rd5 26. Rde1 Rxe5 27. Rxe5
Nxd4 28. Bxc8 Qg6+ 29. Kh1 Qxc2 30. Qxc2 Nxc2 31. Bf5 Nd4 32. cxb6 cxb6 33. Bg4
Kf8 34. Kg2 f6 35. Re3 g6 36. Bf3 Nxf3 37. Kxf3 Kf7 38. Rb3 Rd6 39. Ke3 Ke6 40.
Rb5 Kd7 41. f5 g5 42. Kf3 h5 43. Rb3 Kc7 44. Ke4 Kc6 45. Rc3+ Kd7 46. Rb3 Kc6
47. Rc3+ Kb7 48. Rc2 Rd1 49. a3 Re1+ 50. Kd4 Re5 51. Rf2 Kc6 52. a4 Rd5+ 53.
Kc4 Rc5+ 54. Kd4 Kd6 55. Rf3 Rd5+ 56. Kc4 Rc5+ 57. Kd4 1/2-1/2

[Event "European Youth Chess Championship B10"]
[Site "Prague, Top Hotel Prague"]
[Date "2016.08.21"]
[Round "4.7"]
[White "Mitusov, Semen"]
[Black "Navumenka, Mikhei"]
[Result "1-0"]
[WhiteElo "1783"]
[BlackElo "1681"]
[PlyCount "177"]
[EventDate "2016.08.18"]

1. e4 e6 2. Nf3 d5 3. Nc3 Nf6 4. e5 Nfd7 5. d4 c5 6. dxc5 Bxc5 7. Bd3 Nc6 8.
Bf4 f6 9. exf6 Nxf6 10. Qe2 O-O 11. O-O-O Bd7 12. Kb1 Kh8 13. h3 Bb4 14. Nb5
Nh5 15. Bc1 Nf4 16. Bxf4 Rxf4 17. g3 Rf8 18. Nfd4 Qf6 19. c3 Bc5 20. f4 Rae8
21. Qf3 a6 22. Nxc6 Bxc6 23. Nd4 e5 24. Qh5 e4 25. Bc2 g6 26. Qe2 Bxd4 27. Rxd4
Rd8 28. Qe3 Kg7 29. Rhd1 b5 30. Bb3 Qe6 31. g4 Rd7 32. R4d2 Rfd8 33. Re2 Qf6
34. Rd4 a5 35. a3 Rf8 36. Rf2 a4 37. Ba2 h6 38. Qg3 Qd6 39. Qe3 Qf6 40. Kc2 g5
41. f5 Qe5 42. Kd2 Kf6 43. h4 Rh8 44. h5 Rhh7 45. Qh3 Rhe7 46. Ke3 Rf7 47. Qh2
Qxh2 48. Rxh2 Rf8 49. Rhd2 Rfd8 50. Rf2 Rd6 51. Rfd2 R6d7 52. Rb4 Ke5 53. Rf2
Rf8 54. Rd4 Rf6 55. Rd1 Rdd6 56. Rfd2 Rf8 57. Bb1 Rfd8 58. Rf1 Rf8 59. Bc2 Bb7
60. Rd4 Bc6 61. Rfd1 Rfd8 62. R1d2 Bb7 63. Bd1 Bc6 64. Be2 R8d7 65. Bf1 Rd8 66.
Rd1 R8d7 67. Rb1 Rc7 68. Rb4 Rb7 69. b3 Rc7 70. bxa4 bxa4 71. Rd4 Bd7 72. c4
Bc6 73. Rb4 dxc4 74. Rxd6 Kxd6 75. Bxc4 Ke5 76. Rb6 Bd5 77. Bxd5 Rc3+ 78. Ke2
Kxd5 79. Rb5+ Kd4 80. Rb4+ Ke5 81. Rxa4 Rc2+ 82. Ke3 Rc3+ 83. Kd2 Rg3 84. Ra5+
Kd4 85. f6 Rg2+ 86. Ke1 Rxg4 87. Rf5 Ke3 88. f7 Rg1+ 89. Rf1 1-0

[Event "European Youth Chess Championship B10"]
[Site "Prague, Top Hotel Prague"]
[Date "2016.08.21"]
[Round "4.8"]
[White "Chyzy, Jakub"]
[Black "Silich, Yahor"]
[Result "1/2-1/2"]
[WhiteElo "1775"]
[BlackElo "1639"]
[PlyCount "120"]
[EventDate "2016.08.18"]

1. e4 c5 2. Nf3 a6 3. Nc3 e6 4. d4 cxd4 5. Nxd4 Ne7 6. Be3 Nbc6 7. Be2 Nxd4 8.
Qxd4 Nc6 9. Qd2 Be7 10. O-O O-O 11. f4 d6 12. Rad1 Qc7 13. Bd3 b5 14. a3 Bb7
15. Qf2 Rac8 16. Qg3 Bf6 17. f5 Qe7 18. Qh3 Ne5 19. Ne2 Nxd3 20. cxd3 d5 21.
Ng3 Rc2 22. Rd2 Rfc8 23. Nh5 Rxd2 24. Bxd2 e5 25. Qg3 Kh8 26. Nxf6 gxf6 27. Qh4
dxe4 28. dxe4 Rc4 29. Bh6 Qd8 30. Qg3 Qg8 31. Qxg8+ Kxg8 32. Rf3 Rxe4 33. Rg3+
Kh8 34. Bg7+ Kg8 35. Bh6+ Kh8 36. Bg7+ Kg8 37. Bxf6+ Kf8 38. Rd3 Rd4 39. Rxd4
exd4 40. Bxd4 h5 41. Kf2 Be4 42. f6 Ke8 43. g3 Kd7 44. Ke3 Bg6 45. Kf4 Ke6 46.
g4 hxg4 47. Kxg4 Bf5+ 48. Kg5 Bh3 49. Bc3 Kd5 50. Kf4 Ke6 51. Kg3 Bf1 52. Kg4
Be2+ 53. Kf4 Bf1 54. h4 Be2 55. Kg5 Bd1 56. Kh6 Be2 57. Kg7 Bh5 58. Kf8 Kd7 59.
Bd4 Bg6 60. Kg7 Bh5 1/2-1/2

[Event "European Youth Chess Championship B10"]
[Site "Prague, Top Hotel Prague"]
[Date "2016.08.21"]
[Round "4.9"]
[White "Pidluznij, Gleb"]
[Black "Revaliente, Montoya Ciro"]
[Result "1/2-1/2"]
[WhiteElo "1617"]
[BlackElo "1768"]
[PlyCount "84"]
[EventDate "2016.08.18"]

1. d4 Nf6 2. Nf3 g6 3. Bg5 Bg7 4. Nbd2 d5 5. c3 O-O 6. e3 b6 7. b4 Bb7 8. b5 c5
9. bxc6 Nxc6 10. Be2 Rc8 11. O-O Re8 12. c4 dxc4 13. Bxc4 e5 14. dxe5 Nxe5 15.
Be2 Qd5 16. Qb3 Nxf3+ 17. Nxf3 Qxb3 18. axb3 Bxf3 19. Bxf3 Ne4 20. Bxe4 Bxa1
21. Bd3 Bg7 22. Bc4 Rc5 23. Bf4 Be5 24. Bxe5 Rcxe5 25. Rd1 b5 26. Be2 a5 27.
Ra1 Ra8 28. Bf3 Ra7 29. Kf1 a4 30. bxa4 Rxa4 31. Rb1 Rc5 32. Ke1 Rac4 33. Kd1
Ra4 34. Rb2 b4 35. Kd2 Rc8 36. Bd1 Rd8+ 37. Ke2 Ra1 38. Bc2 Rb8 39. Bb3 Ra7 40.
e4 Kf8 41. f4 Ke7 42. e5 Rd8 1/2-1/2

[Event "European Youth Chess Championship B10"]
[Site "Prague, Top Hotel Prague"]
[Date "2016.08.21"]
[Round "4.10"]
[White "Davtyan, Arsen"]
[Black "Bobkov, Timofey"]
[Result "1-0"]
[WhiteElo "1752"]
[BlackElo "1243"]
[PlyCount "65"]
[EventDate "2016.08.18"]

1. d4 d5 2. c4 e6 3. Nf3 Nc6 4. Nc3 Nf6 5. Bg5 Be7 6. e3 h6 7. Bh4 O-O 8. Bd3
a6 9. O-O dxc4 10. Bxc4 b5 11. Bb3 Bb7 12. Re1 Qd7 13. Qe2 Rad8 14. Rad1 Rfe8
15. Bxf6 Bxf6 16. d5 exd5 17. Nxd5 Qd6 18. e4 Ne5 19. Nd4 c6 20. Nf5 Qb8 21.
Nxf6+ gxf6 22. Nxh6+ Kf8 23. Qh5 Rxd1 24. Rxd1 Rd8 25. Re1 Qc7 26. Nf5 Ng6 27.
Qh7 Rd7 28. Qg7+ Ke8 29. Qg8+ Nf8 30. Ng7+ Ke7 31. Qxf7+ Kd6 32. Ne8+ Ke5 33.
Qxf6# 1-0

[Event "European Youth Chess Championship B10"]
[Site "Prague, Top Hotel Prague"]
[Date "2016.08.21"]
[Round "4.11"]
[White "Ivanov, Artem"]
[Black "Hak, David"]
[Result "0-1"]
[WhiteElo "1689"]
[BlackElo "1747"]
[PlyCount "168"]
[EventDate "2016.08.18"]

1. e4 Nf6 2. e5 Nd5 3. c4 Nb6 4. d4 d6 5. f4 dxe5 6. fxe5 Nc6 7. Be3 Bf5 8. a3
a5 9. b3 e6 10. Nc3 Be7 11. Nf3 O-O 12. Be2 f6 13. exf6 Bxf6 14. Qd2 Bh4+ 15.
Nxh4 Qxh4+ 16. Bf2 Qf6 17. O-O Rad8 18. Nb5 Qg6 19. Bf3 Bd3 20. Be2 Be4 21. Bg3
h5 22. Rxf8+ Rxf8 23. Bf1 Bc2 24. Nxc7 Bxb3 25. Qb2 a4 26. Qc3 Qf6 27. Qe3 Qxd4
28. Qxd4 Nxd4 29. Bf2 e5 30. Re1 Nxc4 31. Bxc4+ Bxc4 32. Rxe5 Ne2+ 33. Kf1 Nc1+
34. Kg1 Rxf2 35. Kxf2 Nd3+ 36. Ke3 Nxe5 37. Kd4 Bf1 38. Kxe5 Bxg2 39. Kd6 g5
40. Ne6 g4 41. Nf4 Bc6 42. Nxh5 Kf7 43. Ke5 Kg6 44. Ng3 Kg5 45. Nf5 b5 46. Nd4
b4 47. axb4 a3 48. Nb3 a2 49. Kd6 Bh1 50. Ke5 Kh4 51. Kf4 Kh3 52. b5 Bf3 53. b6
Kxh2 54. b7 Bxb7 55. Kxg4 Kg2 56. Kf4 Kf2 57. Ke5 Ke3 58. Na1 Kd3 59. Nb3 Kc3
60. Nc5 a1=Q 61. Nxb7 Qe1+ 62. Kd6 Qg3+ 63. Kc6 Kb4 64. Nd6 Qc3+ 65. Kd5 Qd3+
66. Ke5 Kc5 67. Ne4+ Kc6 68. Nf6 Qd6+ 69. Kf5 Qd3+ 70. Ke5 Qe3+ 71. Ne4 Kb5 72.
Kd5 Qd3+ 73. Ke5 Kc4 74. Nd6+ Kc3 75. Ne4+ Kc2 76. Nc5 Qg3+ 77. Kd5 Qh4 78. Ne4
Kd3 79. Nc5+ Ke3 80. Ne6 Qe4+ 81. Kd6 Qf5 82. Nc5 Kd4 83. Ne6+ Kc4 84. Ng7 Qf8+
0-1

[Event "European Youth Chess Championship B10"]
[Site "Prague, Top Hotel Prague"]
[Date "2016.08.21"]
[Round "4.12"]
[White "Samadov, Read"]
[Black "Rozen, Eytan"]
[Result "1/2-1/2"]
[WhiteElo "1611"]
[BlackElo "1702"]
[PlyCount "53"]
[EventDate "2016.08.18"]

1. e4 e5 2. Nf3 Nc6 3. Bb5 a6 4. Ba4 Nf6 5. d3 b5 6. Bb3 Bc5 7. O-O d6 8. c3 h6
9. a4 Rb8 10. axb5 axb5 11. Nbd2 O-O 12. h3 Bb6 13. Re1 Re8 14. Nf1 Ne7 15. Be3
Ng6 16. Ng3 c6 17. Nh2 Qc7 18. Nh5 Qe7 19. Nxf6+ Qxf6 20. Ng4 Qe7 21. Qf3 Bxe3
22. Nxe3 Be6 23. Nf5 Qd7 24. Bxe6 fxe6 25. Ng3 Rf8 26. Qe3 Nf4 27. Ne2 1/2-1/2

[Event "European Youth Chess Championship B10"]
[Site "Prague, Top Hotel Prague"]
[Date "2016.08.21"]
[Round "4.14"]
[White "Makoveev, Ilya"]
[Black "Han, Yichen"]
[Result "1-0"]
[WhiteElo "2186"]
[BlackElo "1627"]
[PlyCount "59"]
[EventDate "2016.08.18"]

1. d4 Nf6 2. Nf3 g6 3. Bf4 Bg7 4. e3 O-O 5. Bd3 d6 6. O-O Nbd7 7. h3 c5 8. Nbd2
Nh5 9. Bh2 a6 10. c3 b6 11. Qe2 Bb7 12. Rfd1 Ra7 13. a4 Qa8 14. e4 Bc8 15. e5
dxe5 16. dxe5 Bh6 17. e6 Ndf6 18. exf7+ Kxf7 19. Nc4 Qb7 20. Qe5 Bxh3 21. Ng5+
Bxg5 22. Qxg5 Be6 23. Ne5+ Kg7 24. Nxg6 hxg6 25. Qxg6+ Kh8 26. Be5 Rf7 27. Qh6+
Kg8 28. Bh7+ Nxh7 29. Rd8+ Rf8 30. Qxe6# 1-0

[Event "European Youth Chess Championship B10"]
[Site "Prague, Top Hotel Prague"]
[Date "2016.08.21"]
[Round "4.15"]
[White "Ponomarev, Grigori"]
[Black "Akin, Yagiz Cinar"]
[Result "1-0"]
[WhiteElo "1978"]
[BlackElo "1607"]
[PlyCount "73"]
[EventDate "2016.08.18"]

1. e4 c5 2. Nc3 Nc6 3. g3 g6 4. d3 Bg7 5. Be3 d6 6. Qd2 Bd7 7. Bg2 Nf6 8. Bh6
O-O 9. h4 Bxh6 10. Qxh6 Ng4 11. Qd2 h5 12. f3 Nf6 13. Nge2 Nd4 14. Nd1 Nxe2 15.
Qxe2 Kg7 16. O-O Qb6 17. c4 Qc7 18. Ne3 Qc8 19. Rf2 Bc6 20. Raf1 Bd7 21. f4 Ng4
22. Nxg4 Bxg4 23. Qe3 Bh3 24. f5 Bxg2 25. Kxg2 Qd7 26. Qg5 a6 27. b3 b5 28.
fxg6 fxg6 29. Rxf8 Rxf8 30. Rxf8 Kxf8 31. Qxg6 bxc4 32. dxc4 e6 33. Qh6+ Ke8
34. Qh8+ Ke7 35. Qg7+ Kd8 36. Qxd7+ Kxd7 37. Kf3 1-0

[Event "European Youth Chess Championship B10"]
[Site "Prague, Top Hotel Prague"]
[Date "2016.08.21"]
[Round "4.16"]
[White "Merts, Dmitrii"]
[Black "Dudarev, Vladislav"]
[Result "0-1"]
[WhiteElo "1590"]
[BlackElo "1821"]
[PlyCount "54"]
[EventDate "2016.08.18"]

1. e4 c5 2. Nf3 d6 3. d4 cxd4 4. Nxd4 Nf6 5. Nc3 g6 6. Be3 Bg7 7. f3 O-O 8. Qd2
Nc6 9. g4 d5 10. g5 Nh5 11. exd5 Nxd4 12. Bxd4 e5 13. Be3 Bf5 14. O-O-O Rc8 15.
Ne4 Nf4 16. h4 Qc7 17. h5 Nxd5 18. Rh2 Qxc2+ 19. Qxc2 Nxe3 20. Bd3 Nxc2 21.
Rxc2 gxh5 22. Nd6 Rxc2+ 23. Kxc2 Bxd3+ 24. Kxd3 Rd8 25. Ke4 Bf8 26. Rh1 Bxd6
27. Rxh5 Bc7 0-1

[Event "European Youth Chess Championship B10"]
[Site "Prague, Top Hotel Prague"]
[Date "2016.08.21"]
[Round "4.17"]
[White "Gherghinoiu, Lucas"]
[Black "Anghel, Iulian-Mihai"]
[Result "1/2-1/2"]
[WhiteElo "1573"]
[BlackElo "1777"]
[PlyCount "82"]
[EventDate "2016.08.18"]

1. e4 d6 2. d4 Nf6 3. Bd3 c6 4. c3 Bg4 5. Qb3 Qc7 6. Nd2 e6 7. Ndf3 Bxf3 8.
Nxf3 d5 9. e5 Nfd7 10. O-O c5 11. Qd1 h6 12. Be3 Nc6 13. Rc1 Qb6 14. Qe2 Be7
15. Bb1 cxd4 16. cxd4 O-O-O 17. Bd3 Kb8 18. Bb5 Rc8 19. Bxc6 Rxc6 20. Rxc6 Qxc6
21. Rc1 Qb6 22. Rc3 Rc8 23. Rxc8+ Kxc8 24. Qc2+ Kb8 25. b3 Nf8 26. h3 Qc6 27.
Qd3 Ng6 28. Qd2 Qb5 29. Qc2 Bd8 30. Ne1 Ba5 31. Nd3 Qc6 32. Qxc6 bxc6 33. Nc5
Bc7 34. Kf1 Bb6 35. Na6+ Kb7 36. Nb4 Ne7 37. g4 Bc7 38. Nd3 Kb6 39. Bd2 Kb5 40.
a4+ Kb6 41. Bb4 Ng6 1/2-1/2

[Event "European Youth Chess Championship B10"]
[Site "Prague, Top Hotel Prague"]
[Date "2016.08.21"]
[Round "4.18"]
[White "Pavlov, Mark"]
[Black "Georgiev, Konstantin"]
[Result "1-0"]
[WhiteElo "1538"]
[BlackElo "1760"]
[PlyCount "83"]
[EventDate "2016.08.18"]

1. d4 d5 2. c4 c6 3. Nf3 Nf6 4. Qc2 e6 5. Nbd2 Nbd7 6. g3 Be7 7. Bg2 O-O 8. O-O
b6 9. e4 Bb7 10. e5 Ne8 11. cxd5 cxd5 12. Re1 Rc8 13. Qb3 Nc7 14. Bh3 Na6 15.
a3 Nab8 16. Nf1 Nc6 17. Ne3 Na5 18. Qd1 Ba6 19. Bf1 Bxf1 20. Rxf1 b5 21. Bd2
Nc4 22. Nxc4 bxc4 23. Bc3 Nb6 24. Ne1 Qd7 25. a4 Rb8 26. f4 Na8 27. Nc2 a5 28.
Ne3 f6 29. exf6 gxf6 30. f5 e5 31. dxe5 Bc5 32. Bd4 Bxd4 33. Qxd4 fxe5 34. Qxe5
Nc7 35. Rf4 Rf7 36. Ng4 Qc6 37. f6 Kf8 38. Nh6 Qe6 39. Rg4 Ke8 40. Nxf7 Kxf7
41. Qxc7+ Kxf6 42. Rf1+ 1-0

[Event "European Youth Chess Championship B10"]
[Site "Prague, Top Hotel Prague"]
[Date "2016.08.21"]
[Round "4.19"]
[White "Hrbek, Stepan"]
[Black "Kolchin, Maxim"]
[Result "1/2-1/2"]
[WhiteElo "1760"]
[BlackElo "1590"]
[PlyCount "50"]
[EventDate "2016.08.18"]

1. e4 g6 2. d4 Bg7 3. c4 c6 4. Nc3 d6 5. Nf3 Nd7 6. Be3 e5 7. d5 c5 8. g3 Ne7
9. Bg2 O-O 10. O-O Nf6 11. h3 Nh5 12. Ne1 f5 13. exf5 Nxf5 14. g4 Nxe3 15. fxe3
Nf6 16. Nd3 Bh6 17. Qe2 Qe7 18. Nf2 Bg5 19. Nfe4 Bh4 20. Nxf6+ Bxf6 21. Ne4 Bd7
22. a3 Bg7 23. b4 b6 24. bxc5 bxc5 25. Rab1 Rab8 1/2-1/2

[Event "European Youth Chess Championship B10"]
[Site "Prague, Top Hotel Prague"]
[Date "2016.08.21"]
[Round "4.20"]
[White "Stalmach, Richard"]
[Black "Larichev, Prokhor"]
[Result "1-0"]
[WhiteElo "1735"]
[BlackElo "1585"]
[PlyCount "71"]
[EventDate "2016.08.18"]

1. d4 d5 2. c4 e6 3. Nc3 c6 4. e3 Nf6 5. Nf3 Nbd7 6. Bd3 dxc4 7. Bxc4 b5 8. Be2
a6 9. e4 Bb4 10. e5 Nd5 11. Bd2 Bxc3 12. bxc3 N7b6 13. O-O O-O 14. Qc2 a5 15.
Ng5 f5 16. exf6 Nxf6 17. Ne4 Bd7 18. Nc5 Qe7 19. Bf3 Rac8 20. Rfe1 Qf7 21. Bg5
Rfe8 22. Re2 h6 23. Bh4 Nfd5 24. Re5 Nf4 25. Bg3 Nh3+ 26. Kh1 Ng5 27. Bg4 Nc4
28. Re2 Re7 29. h4 h5 30. hxg5 hxg4 31. g6 Qf6 32. Nxd7 Rxd7 33. Qe4 Re7 34.
Qxg4 Ree8 35. Qh5 b4 36. Bh4 1-0

[Event "European Youth Chess Championship B10"]
[Site "Prague, Top Hotel Prague"]
[Date "2016.08.21"]
[Round "4.21"]
[White "Kabadayi, Suleyman Arda"]
[Black "Dobre, Radu-Fabian"]
[Result "1-0"]
[WhiteElo "1487"]
[BlackElo "1718"]
[PlyCount "119"]
[EventDate "2016.08.18"]

1. e4 e5 2. Nf3 Nc6 3. d4 exd4 4. Bc4 Bc5 5. c3 d6 6. cxd4 Bb6 7. Bb5 Bd7 8.
O-O Nge7 9. Nc3 O-O 10. h3 Kh8 11. Bg5 h6 12. Bh4 Qe8 13. Re1 a6 14. Ba4 Ng6
15. Bg3 Qc8 16. Nd5 Ba7 17. Rc1 b5 18. Bb3 Qb7 19. Qd2 f5 20. exf5 Bxf5 21.
Nxc7 Qxc7 22. d5 Rf6 23. Rxc6 Qd7 24. Nd4 Bxd4 25. Qxd4 Ne7 26. Rc3 Rb8 27. Bh4
Rf7 28. Rec1 Rb7 29. Bd1 Ng6 30. Rc8+ Qxc8 31. Rxc8+ Bxc8 32. Bh5 Kh7 33. Bg3
Rf6 34. Qc3 Ne7 35. Bh4 Rf8 36. Bxe7 Rxe7 37. Qc6 Rd8 38. Qb6 Rdd7 39. Bg4 Rb7
40. Qxd6 Bxg4 41. hxg4 a5 42. Qa6 a4 43. d6 Rf7 44. f3 Rfd7 45. Qc6 Kg8 46. Kf2
Kf7 47. Qd5+ Kf8 48. Qf5+ Ke8 49. Qe6+ Kf8 50. Ke3 b4 51. Qf5+ Ke8 52. Qe5+ Kf8
53. Kd4 Ra7 54. Qc5 a3 55. b3 Rab7 56. Ke5 g5 57. Kf6 Rf7+ 58. Ke6 Rfd7 59.
Qc8+ Kg7 60. Qxd7+ 1-0

[Event "European Youth Chess Championship B10"]
[Site "Prague, Top Hotel Prague"]
[Date "2016.08.21"]
[Round "4.22"]
[White "Lystsov, Leonid"]
[Black "Kirushin, Ivan"]
[Result "0-1"]
[WhiteElo "1705"]
[BlackElo "1571"]
[PlyCount "68"]
[EventDate "2016.08.18"]

1. Nf3 d6 2. g3 e5 3. d3 f5 4. Bg2 Nf6 5. c4 Be7 6. Nc3 O-O 7. Rb1 Qe8 8. b4 a5
9. b5 Bd8 10. Nd2 Nbd7 11. Ba3 Rb8 12. b6 c5 13. Na4 Qg6 14. e4 f4 15. Nf3 fxg3
16. hxg3 Ng4 17. Rb2 Nxb6 18. Nxb6 Bxb6 19. Rxb6 Ne3 20. Qe2 Nxg2+ 21. Kf1 Bg4
22. Rh2 Rxf3 23. Rxg2 Qh5 24. Qb2 Qh1+ 25. Rg1 Bh3+ 26. Ke2 Rxf2+ 27. Kxf2 Rf8+
28. Ke2 Qxg1 29. Kd2 Rf2+ 30. Kc3 Qe1+ 31. Kb3 Qd1+ 32. Kc3 Rxb2 33. Rxb2 Bf1
34. Rd2 Qe1 0-1

[Event "European Youth Chess Championship B10"]
[Site "Prague, Top Hotel Prague"]
[Date "2016.08.21"]
[Round "4.23"]
[White "Kopaloff, Liam"]
[Black "Lazavik, Denis"]
[Result "1/2-1/2"]
[WhiteElo "1479"]
[BlackElo "1704"]
[PlyCount "53"]
[EventDate "2016.08.18"]

1. e4 c5 2. Nf3 a6 3. c4 Nc6 4. Nc3 g6 5. d4 cxd4 6. Nxd4 Bg7 7. Be3 Nf6 8. Be2
O-O 9. O-O d6 10. f3 Nxd4 11. Bxd4 Be6 12. Rc1 Rc8 13. Nd5 Bxd5 14. cxd5 Rxc1
15. Qxc1 Qd7 16. Qd2 Rc8 17. Rc1 h5 18. Rc2 Ne8 19. Bxg7 Kxg7 20. Qc1 Rxc2 21.
Qxc2 Qc7 22. Qxc7 Nxc7 23. Kf2 e6 24. dxe6 fxe6 25. Ke3 Kf6 26. Kd4 g5 27. g3
1/2-1/2

[Event "European Youth Chess Championship B10"]
[Site "Prague, Top Hotel Prague"]
[Date "2016.08.21"]
[Round "4.24"]
[White "Wojdak, Jan"]
[Black "Yudin, Mikhail"]
[Result "1-0"]
[WhiteElo "1681"]
[BlackElo "1530"]
[PlyCount "139"]
[EventDate "2016.08.18"]

1. e4 c5 2. Nf3 e6 3. d4 cxd4 4. Nxd4 a6 5. Bd3 Qc7 6. Be3 Nf6 7. O-O Nc6 8. c3
d6 9. Kh1 g6 10. Qe2 Bg7 11. f4 O-O 12. Nd2 e5 13. N4f3 Ng4 14. fxe5 Nxe3 15.
Qxe3 Nxe5 16. Nxe5 Bxe5 17. Nc4 Be6 18. Nxe5 dxe5 19. Qg3 f6 20. Rf2 Bc4 21.
Rd1 Bxa2 22. Rdf1 Kg7 23. c4 Bb3 24. Ra1 Qf7 25. Raf1 Qe6 26. Rc1 Rad8 27. Be2
Ba4 28. Bg4 Qd6 29. h4 Bc6 30. Bf3 Qd3 31. Re2 Be8 32. Ree1 Qb3 33. Qf2 Qb4 34.
Rc3 Bf7 35. Qc2 Qc5 36. Rb1 a5 37. Rc1 Rd4 38. Be2 Rfd8 39. Bd3 R4d6 40. Ra3
Rc6 41. Qe2 Ra8 42. Rac3 Rcc8 43. g4 b6 44. Rf1 Qe7 45. Qh2 a4 46. Ra1 Qb4 47.
g5 Qd6 48. Rf1 fxg5 49. hxg5 Qd4 50. Qh6+ Kg8 51. Rf3 Rc7 52. Rc2 Qc5 53. Rcf2
Qf8 54. Qh2 Qd6 55. Be2 Rca7 56. Rf6 Qd4 57. Qh4 Qxb2 58. Rh2 Be8 59. c5 Qc1+
60. Rf1 Qxc5 61. Qh6 Bc6 62. Bd3 a3 63. Rc2 a2 64. Rxc5 a1=Q 65. Rxc6 Qd4 66.
Bc4+ Rf7 67. Bxf7+ Kh8 68. Bd5 Rg8 69. Rc7 b5 70. Qxh7# 1-0

[Event "European Youth Chess Championship B10"]
[Site "Prague, Top Hotel Prague"]
[Date "2016.08.21"]
[Round "4.25"]
[White "Bancarewicz, Aleks"]
[Black "Bui, Bao Anh Le"]
[Result "1/2-1/2"]
[WhiteElo "1444"]
[BlackElo "1659"]
[PlyCount "66"]
[EventDate "2016.08.18"]

1. e4 c5 2. Nf3 d6 3. c4 e5 4. Nc3 g6 5. g3 Bg7 6. Bg2 Nc6 7. d3 Nge7 8. Rb1
O-O 9. O-O f5 10. a3 a5 11. Ne1 f4 12. Nc2 a4 13. Bd2 Bd7 14. Nb5 Be6 15. Nc3
Qd7 16. Nd5 Bxd5 17. cxd5 Na5 18. Bxa5 Rxa5 19. Ne1 h6 20. Nf3 g5 21. Nd2 b5
22. g4 Ng6 23. f3 Kf7 24. h3 Rh8 25. Qc2 Rc8 26. Qc3 Ra7 27. Rf2 Rb7 28. Rff1
Ne7 29. Qc2 Qc7 30. Rfe1 Qb6 31. Kf1 Qa6 32. Rec1 Rd7 33. Kg1 Ng6 1/2-1/2

[Event "European Youth Chess Championship B10"]
[Site "Prague, Top Hotel Prague"]
[Date "2016.08.21"]
[Round "4.27"]
[White "Palchuk, Andrii"]
[Black "Weissenhofer, Jonas"]
[Result "1-0"]
[WhiteElo "1649"]
[BlackElo "1402"]
[PlyCount "65"]
[EventDate "2016.08.18"]

1. e4 e5 2. Nf3 Nf6 3. Nc3 Nc6 4. d4 exd4 5. Nxd4 d6 6. Bb5 Bd7 7. Bxc6 Bxc6 8.
Nxc6 bxc6 9. O-O Be7 10. f4 O-O 11. Qf3 Re8 12. Be3 Qd7 13. h3 Rad8 14. Rad1 h6
15. Kh1 Kh8 16. Rg1 Qe6 17. f5 Qe5 18. Bf4 Qa5 19. g4 Nh7 20. Qg3 Rg8 21. h4 g5
22. fxg6 Rxg6 23. h5 Re6 24. Rge1 Ng5 25. Qd3 Qc5 26. Be3 Qb4 27. Bd4+ Bf6 28.
Bxf6+ Rxf6 29. a3 Qxb2 30. Qd4 Kg7 31. Rf1 Nh7 32. Rxf6 Nxf6 33. Rf1 1-0

[Event "European Youth Chess Championship B10"]
[Site "Prague, Top Hotel Prague"]
[Date "2016.08.21"]
[Round "4.28"]
[White "Aguado, Doncel Pablo Luis"]
[Black "Maneluk, Daniil"]
[Result "0-1"]
[WhiteElo "1514"]
[BlackElo "1991"]
[PlyCount "112"]
[EventDate "2016.08.18"]

1. d4 d5 2. c4 e6 3. Nc3 Nf6 4. cxd5 exd5 5. Bg5 Be7 6. Nf3 c6 7. Qc2 g6 8. e3
Bf5 9. Bd3 Bxd3 10. Qxd3 O-O 11. O-O Nbd7 12. a3 Re8 13. b4 a6 14. Rab1 Ne4 15.
Bxe7 Qxe7 16. Qc2 Nd6 17. Na4 Nc4 18. Qc3 Nf6 19. Nd2 b5 20. Nc5 Qc7 21. Nxc4
dxc4 22. h3 a5 23. Qc2 axb4 24. axb4 Ra3 25. Ra1 Rea8 26. Qb2 Qa7 27. Rxa3 Qxa3
28. Qxa3 Rxa3 29. e4 Ra2 30. Rd1 Rb2 31. d5 c3 32. dxc6 c2 33. Rc1 Rb1 34. Nd3
Nxe4 35. c7 Nd6 36. Kf1 Kf8 37. Ke2 Rxc1 38. Nxc1 Ke7 39. Kd2 Kd7 40. c8=Q+
Nxc8 41. Kxc2 Kd6 42. Kd3 Ne7 43. Ne2 Nc6 44. Kc3 Ke5 45. f3 f6 46. g3 Ne7 47.
Nf4 Nd5+ 48. Nxd5 Kxd5 49. Kd3 h5 50. f4 g5 51. f5 Ke5 52. Ke3 Kxf5 53. Kd4 g4
54. h4 Ke6 55. Kc5 f5 56. Kxb5 f4 0-1

[Event "European Youth Chess Championship B10"]
[Site "Prague, Top Hotel Prague"]
[Date "2016.08.21"]
[Round "4.29"]
[White "Paduano, Claudio"]
[Black "Jishkariani, Erekle"]
[Result "1-0"]
[WhiteElo "1860"]
[BlackElo "1505"]
[PlyCount "83"]
[EventDate "2016.08.18"]

1. d4 Nf6 2. c4 e6 3. Nf3 d5 4. Nc3 Bb4 5. Bg5 h6 6. Bh4 Nc6 7. e3 O-O 8. Bd3
b6 9. O-O Bxc3 10. bxc3 Bb7 11. cxd5 exd5 12. Ne5 Qd6 13. Bxf6 Qxf6 14. Nd7 Qd6
15. Nxf8 Rxf8 16. e4 Ne7 17. e5 Qd7 18. f4 f6 19. exf6 Rxf6 20. Qe2 Bc6 21.
Rae1 Nc8 22. f5 Qf7 23. Qf3 Bd7 24. Re5 c6 25. Rfe1 b5 26. g4 Kf8 27. h4 g5 28.
hxg5 hxg5 29. Qe3 a6 30. Qxg5 a5 31. Kg2 Rd6 32. Qd8+ Kg7 33. Re7 Nxe7 34. Rxe7
Rf6 35. Rxd7 b4 36. Rxf7+ Rxf7 37. g5 bxc3 38. f6+ Rxf6 39. Qxf6+ Kg8 40. g6 c2
41. Qf7+ Kh8 42. g7# 1-0

[Event "European Youth Chess Championship B10"]
[Site "Prague, Top Hotel Prague"]
[Date "2016.08.21"]
[Round "4.30"]
[White "Pasztor, Balazs"]
[Black "Kanli, Alperen"]
[Result "1-0"]
[WhiteElo "1825"]
[BlackElo "1470"]
[PlyCount "101"]
[EventDate "2016.08.18"]

1. e4 e5 2. Nf3 Nc6 3. Bc4 Nf6 4. d3 Bc5 5. c3 a6 6. Nbd2 Ba7 7. O-O O-O 8. Re1
Ng4 9. Re2 d6 10. Bb3 Be6 11. h3 Nf6 12. Nf1 Re8 13. Ng3 d5 14. Bg5 d4 15. Bxe6
fxe6 16. Nh5 Kh8 17. c4 Bc5 18. a3 Be7 19. Ng3 Nd7 20. Bxe7 Nxe7 21. Ng5 Kg8
22. Nxe6 Qc8 23. Ng5 Nf6 24. c5 h6 25. Qb3+ Ned5 26. Nf3 Qe6 27. exd5 Qxd5 28.
Qxd5+ Nxd5 29. Rxe5 Rxe5 30. Nxe5 Re8 31. Nf3 Nf4 32. Rd1 Rd8 33. Nf5 Ne6 34.
b4 Kf7 35. Ng3 Nf4 36. Kf1 b6 37. cxb6 cxb6 38. Ne2 Ne6 39. Rc1 a5 40. bxa5
bxa5 41. g3 g5 42. Rc4 Kf6 43. Nexd4 Nxd4 44. Rxd4 Rb8 45. Rd6+ Kg7 46. Ra6
Rb1+ 47. Kg2 Rd1 48. d4 h5 49. Rxa5 g4 50. hxg4 hxg4 51. Rg5+ 1-0